Most Common Surnames in South Korea - Statistics

General Stats
  • This quiz has been taken 273 times
  • The average score is 14 of 30
Answer Stats
Population Name % Correct
10,689,967 Kim
97%
4,192,080 Park
96%
7,307,477 Lee
94%
1,453,971 Cho
74%
2,407,601 Jung
58%
2,340,582 Choi
57%
1,269,251 Kang
56%
749,257 Jeon
52%
457,356 Son
52%
773,537 Han
50%
963,296 Yoo
48%
752,233 Seo
47%
992,721 Jang
46%
1,015,200 Lim
46%
471,898 Ko
43%
697,475 Hwang
41%
685,688 Ahn
40%
400,669 Bae
39%
683,511 Song
39%
464,047 Moon
37%
985,823 Shin
36%
530,554 Yang
36%
1,020,564 Yoon
34%
706,212 Kwon
31%
275,648 Nam
31%
763,334 Oh
29%
558,994 Hong
26%
382,447 Baek
24%
315,439 No
24%
326,770 Heo
15%
No matching quizzes found
Score Distribution
Percent of People with Each Score
Percentile by Number Answered
Your Score History
You have not taken this quiz